Catálogo público

Dairy Cattle Breeds, Origin and Development / (Record no. 172656)

MARC details
000 -CABECERA
campo de control de longitud fija 00639nam a2200229Ia 4500
001 - NÚMERO DE CONTROL
campo de control dia_2118
003 - IDENTIFICADOR DEL NÚMERO DE CONTROL
campo de control CHAP
005 - FECHA Y HORA DE LA ÚLTIMA TRANSACCIÓN
campo de control 20230313110006.0
008 - DATOS DE LONGITUD FIJA--INFORMACIÓN GENERAL
campo de control de longitud fija 220117s1973 xx 000 0 und d
010 ## - NÚMERO DE CONTROL DE LA BIBLIOTECA DEL CONGRESO
Número de control de LC 172656
040 ## - FUENTE DE LA CATALOGACIÓN
Centro/agencia transcriptor CHAP
082 ## - NÚMERO DE LA CLASIFICACIÓN DECIMAL DEWEY
Número de clasificación 637 bB4
100 ## - ENTRADA PRINCIPAL--NOMBRE DE PERSONA
Nombre de persona Becker, Raymond
9 (RLIN) 152275
245 ## - MENCIÓN DE TÍTULO
Título Dairy Cattle Breeds, Origin and Development /
Mención de responsabilidad, etc. by Raymond Becker
260 ## - PUBLICACIÓN, DISTRIBUCIÓN, ETC.
Lugar de publicación, distribución, etc. Florida :
Nombre del editor, distribuidor, etc. University of Florida Press,
Fecha de publicación, distribución, etc. 1973
300 ## - DESCRIPCIÓN FÍSICA
Extensión 554 p.
650 ## - PUNTO DE ACCESO ADICIONAL DE MATERIA--TÉRMINO DE MATERIA
Término de materia o nombre geográfico como elemento de entrada 1.Ganado lechero.
9 (RLIN) 152229
901 ## - ELEMENTOS DE DATOS A LOCAL LDA (RLIN)
a 637 BB4
902 ## - ELEMENTOS DE DATOS B LOCAL, LDB (RLIN)
a M
905 ## - ELEMENTOS DE DATOS E LOCAL, LDE (RLIN)
a 0000001973 FLOA 0000000000ING00
942 ## - ELEMENTOS DE PUNTO DE ACCESO ADICIONAL (KOHA)
Tipo de ítem Koha Libro
Fuente del sistema de clasificación o colocación Dewey Decimal Classification
Holdings
Estado de retiro Estado de pérdida Fuente del sistema de clasificación o colocación Estado dañado No para préstamo Código de colección Localización permanente Ubicación/localización actual Fecha de adquisición Información codificada de la localización en otra ubicación Total de préstamos Signatura topográfica completa Código de barras Fecha visto por última vez Número de copia Precio válido a partir de Tipo de ítem Koha
    Dewey Decimal Classification     General Ingenieria Agroindustrial Ingenieria Agroindustrial 18/01/2022 1   637 bB4 dia_1948 18/01/2022 1 18/01/2022 Libro